Kluby Cristiano Ronaldo - Statystyki

Ogólne statystyki
  • Ten quiz został rozwiązany 11 104 razy
  • Średni wynik to 6 z 6
Statystyki odpowiedzi
Lata gry Klub % Poprawnych
2009-2018 Real Madryt
99%
2018-2021 Juventus
94%
2021-2023 ManchesterUnited
94%
2003-2009 Manchester United
94%
2002-2003 Sporting
87%
2023- Al Nassr
86%
Nie znaleziono quizów pasujących do podanych kryteriów
Rozkład punktacji
Procent ludzi z każdym wynikiem
Percentyl według liczby udzielonych odpowiedzi
Twoja historia wyników
Nie rozwiązałeś tego quizu